| 000 | 02302cam a22005774i 4500 | ||
|---|---|---|---|
| 003 | PE-LiUPU | ||
| 005 | 20250731165509.0 | ||
| 008 | 180119s2015 sp a r0 000 0 spa d | ||
| 020 | _a9788416228591 | ||
| 035 | _a(Sirsi) a241080 | ||
| 040 |
_aPE-LiUPU _bspa _cPE-LiUPU _erda |
||
| 049 | _aPRUA | ||
| 082 | 0 | 4 |
_a004.75 _bC27 _221 |
| 082 | 0 | 4 |
_a004.75 _bC27 2016 |
| 100 | 1 |
_aCapel Tuñón, Manuel I., _eautor. |
|
| 245 | 1 | 0 |
_aDesarrollo de software y sistemas : _bbasados en componentes y servicios / _cManuel I. Capel Tuñón. |
| 250 | _aPrimera edición. | ||
| 264 | 1 |
_aMadrid : _bIbergaceta, _c2016. |
|
| 300 |
_aXIX, 355 páginas : _bilustraciones ; _c24 centímetros. |
||
| 336 |
_atext _2rdacontent |
||
| 337 |
_aunmediated _2rdamedia |
||
| 338 |
_avolume _2rdacarrier |
||
| 504 | _aBibliografía : páginas 343-355. | ||
| 505 | 0 | _aDesarrollo de software basado en componentes -- Arquitecturas software -- Software intermediario -- Servicios web y procesos de negocio -- Aplicación. | |
| 526 | _aSEG44 | ||
| 526 | _aSEG26 | ||
| 526 | _aP151 | ||
| 526 | _aP150 | ||
| 526 | _aP149 | ||
| 526 | _aP146 | ||
| 526 | _aP145 | ||
| 526 | _aP126 | ||
| 526 | _aP125 | ||
| 526 | _aP92 | ||
| 526 | _aP75 | ||
| 526 | _aP74 | ||
| 526 | _aP27 | ||
| 526 | _aP15 | ||
| 541 | _g0001-0042354; | ||
| 541 | _g003-001190; | ||
| 650 | 0 | 4 | _aProceso distribuido (Informática). |
| 650 | 0 | 4 | _aDistributed process (IT). |
| 910 |
_adbm _bksl _cksl _d20180119 |
||
| 910 |
_armch _bwelc _cwelc _d20180220 |
||
| 942 |
_2ddc _cBOOK |
||
| 949 |
_a004.75 C27 2016 _wDEWEY _c1 _iFJ10320 _lCCODEBUJ1 _mBUJ _p32.92 _r0 _sY _tBOOK _u2018-02-20 _xINGENIERIA _PP27 _0COMPRA _o.STAFF. Colección General Juliaca |
||
| 994 |
_aC0 _bPEPRU |
||
| 596 | _a1 3 | ||
| 999 |
_a004.75 C27 _wLC _c26721 _i78106 _d26721 _f2021-11-9 _g4 _lCCODEBUL1 _mBUL _p40.30 _q1 _r0 _sY _tBOOK _u2018-1-19 _xINGENIERIA _PP27 _0COMPRA _o.STAFF. Colección Ingeniería y Arquitectura |
||
| 999 |
_a004.75 C27 2016 _wDEWEY _c1 _iFJ10320 _d2019-6-10 _e2019-6-7 _f2021-12-27 _g3 _lCCODEBUJ1 _mBUJ _n2 _p32.92 _q2 _r0 _sY _tBOOK _u2018-2-20 _xINGENIERIA _PP27 _0COMPRA _o.STAFF. Colección General Juliaca |
||
| 980 |
_81 _gALBERTO SANCHEZ Responsable de Automatización |
||